Statystyki dla Coś pachnącego

Kliknij tutaj aby rozwiązać quiz!

Ogólne statystyki

  • Ten quiz został rozwiązany 16 razy
  • Średni wynik to 2 z 6

Statystyki odpowiedzi

Odpowiedź% Poprawnych
Perfumy
93%
Kwiaty
79%
Ciasto
14%
Obiad
14%
Odświeżacz
14%
Przyprawy
14%

Rozkład punktacji

Percentyl według liczby udzielonych odpowiedzi

Procent ludzi z każdym wynikiem

Twoja historia wyników

Nie rozwiązałeś tego quizu